Introducción en las normas DIN / (Record no. 185746)

MARC details
000 -LEADER
campo de control de longitud fija 00718nam a2200217 i 4500
001 - NÚMERO DE CONTROL
campo de control 185746
003 - IDENTIFICADOR DE NÚMERO DE CONTROL
campo de control ES-MaACL
005 - FECHA Y HORA DE LA ÚLTIMA TRANSACCIÓN
campo de control 20230906222517.0
008 - DATOS DE LONGITUD FIJA--INFORMACIÓN GENERAL
campo de control de longitud fija 160805s1961 sp |||| | spa d
100 1# - ENTRADA PRINCIPAL--NOMBRE DE PERSONA
Nombre de persona Klein, Martin.
9 (RLIN) 160350
245 10 - MENCIÓN DEL TÍTULO
Título Introducción en las normas DIN /
Mención de responsabilidad, etc. por... Martin Klein... ; traducción... de la edición original alemana...
260 ## - PUBLICACIÓN, DISTRIBUCIÓN, ETC.
Lugar de publicación, distribución, etc. Bilbao :
Nombre del editor, distribuidor, etc. Balzola,
Fecha de publicación, distribución, etc. 1961.
300 ## - DESCRIPCIÓN FÍSICA
Extensión 316 p. :
Otras características físicas il. ;
Dimensiones 21 cm.
490 1# - MENCIÓN DE SERIE
Mención de serie Normas DIN ;
Designación de volumen o secuencia 17
650 #4 - PUNTO DE ACCESO ADICIONAL DE MATERIA--TÉRMINO DE MATERIA
Término de materia o nombre geográfico como elemento de entrada Máquinas-
Subdivisión de forma Normas.
9 (RLIN) 160351
650 #4 - PUNTO DE ACCESO ADICIONAL DE MATERIA--TÉRMINO DE MATERIA
Término de materia o nombre geográfico como elemento de entrada Práctica de taller-
Subdivisión de forma Normas.
9 (RLIN) 160347
710 2# - ENTRADA AGREGADA--NOMBRE DE ENTIDAD CORPORATIVA
Nombre de entidad corporativa o nombre de jurisdicción como elemento de entrada Deutscher Normenausschuss.
9 (RLIN) 160346
830 0# - PUNTO DE ACCESO ADICIONAL DE SERIE-TÍTULO UNIFORME
Título uniforme Normas DIN ;
Designación de volumen o secuencia 17
9 (RLIN) 225273
852 ## - LOCALIZACIÓN
Ubicación ES-MaACL
Número de control de estantería E-3591
Holdings
Estatus retirado Estado de pérdida Estado de daño No para préstamo Biblioteca de origen Biblioteca actual Ubicación en estantería Fecha de adquisición Fuente de adquisición Total de préstamos Signatura topográfica completa Código de barras Visto por última vez Precio de reemplazo Tipo de ítem Koha
        Biblioteca del Ateneo de Madrid Biblioteca del Ateneo de Madrid Depósito 2 05/08/2016     E-3591 1195799 23/02/2023 23/02/2023 Libro impreso